عرض عادي
عرض مارك
- السالم، سنا صقر
مدخل إسم شخص
001 - رقم الضبط
- حقل الضبط: 95686
003 - معرف رقم الضبط
- حقل الضبط: OSt
005 - تاريخ ووقت أخر عملية
- حقل الضبط: 20220727170615.0
008 - عناصر بيانات ثابتة الطول
- حقل تحكم ثابت الطول: 220727|| aca||aabn | a|a d
040 ## - مصدر الفهرسة
- هيئة الفهرسة الأصلية: OSt
- وكالة الكتابة: OSt
100 ## - مدخل -- أسم شخص
- إسم شخص: السالم، سنا صقر
670 ## - بيانات المصدر موجوده
- الاستشهاد بالمصدر: Work cat.: (OSt): السالم، سنا صقر مؤلف., حياتك قرارك :
